THE HAWK & THE CROW (Record no. 3446)
[ view plain ]
| 000 -LEADER | |
|---|---|
| fixed length control field | 00227nam a22001097a 4500 |
| 020 ## - INTERNATIONAL STANDARD BOOK NUMBER | |
| ISBN | 978-1-60346-039-2 |
| 082 ## - DEWEY DECIMAL CLASSIFICATION NUMBER | |
| Classification number | 823 |
| Item number | MAC/H |
| 100 ## - MAIN ENTRY--AUTHOR NAME | |
| Personal name | MACAW |
| 245 ## - TITLE STATEMENT | |
| Title | THE HAWK & THE CROW |
| 650 ## - SUBJECT ADDED ENTRY--TOPICAL TERM | |
| Topical Term | ENGLISH SHORT STORY |
| 942 ## - ADDED ENTRY ELEMENTS (KOHA) | |
| Koha item type | Books |
| Withdrawn status | Lost status | Collection code | Home library | Current library | Shelving location | Date acquired | Source of acquisition | Full call number | Accession Number | Koha item type |
|---|---|---|---|---|---|---|---|---|---|---|
| Fiction | Main Library | Main Library | SHELF 3- E- ENGLISH CHILDRENS LITERATURE &MYTHOLOGY | 20/05/2010 | PURCHASE | 823 MAC/H | 05253 | Books |